000 00774nam a2200241Ia 4500
003 OSt
005 20220926030612.0
006 a|||||r|||| 00| 0
007 ta
008 220923b |||||||| |||| 00| 0 eng d
020 _a9780691163888
_c1888.8299999999999
037 _b5519, 17/07/2015, RAJKIRAN BOOK AGENCY
_cGeneral Book
040 _aRTL
_cRTL
_beng
041 _2eng
_aeng
082 _aY:(G:66), Q5
100 _aLOW Bobbi S
_9334601
245 0 _aWhy sex Mmatters - A Darwinian look at human behavior
260 _aPrinceton
_bPrinceton University Press
_c2015
300 _axiii,412p.
_ccm.
650 _aSociology
942 _hY:(G:66), Q5
_cGB
_2CC
999 _c650296
_d650296